Ostrov Arabů /

Hlavní autor: Stark, Freya, 1893-1993
Další autoři: Zinková, Zora
Jazyk: Čeština
Vydáno: V Praze : Václav Petr, 1947
Vydání: První vydání
Edice: Atom (Václav Petr)
Kmen (Václav Petr)
Témata:
Externí odkaz: Digitalizovaný dokument
Fyzický popis: 260 stran, 48 nečíslovaných stran obrazových příloh : ilustrace, 1 mapa, portréty ; 22 cm
LEADER 01784nam a22004812i 4500
001 001794458
003 CZ BrMZK
005 20210625100646.0
007 ta
008 210625s1947 xr er|||||||||||cze d
015 |a cnb000710459 
020 |q (Brožováno) :  |c Kčs 125,00 
035 |a (OCoLC)80785288 
040 |a ABA001  |b cze  |c OLA001  |d ABA001  |e rda 
041 1 |a cze  |h eng 
043 |a aw----- 
072 7 |a 913(5)  |x Geografie Asie, reálie, cestování  |2 Konspekt  |9 7 
080 |a 913(5-15)  |2 MRF 
080 |a (0:82-992)  |2 MRF 
100 1 |a Stark, Freya,  |d 1893-1993  |7 ola2003174853  |4 aut 
240 1 0 |a East is West.  |l Česky 
245 1 0 |a Ostrov Arabů /  |c Freya Stark ; z anglického originálu East is West přeložila Zora Zinková 
250 |a První vydání 
264 1 |a V Praze :  |b Václav Petr,  |c 1947 
300 |a 260 stran, 48 nečíslovaných stran obrazových příloh :  |b ilustrace, 1 mapa, portréty ;  |c 22 cm 
336 |a text  |b txt  |2 rdacontent 
337 |a bez média  |b n  |2 rdamedia 
338 |a svazek  |b nc  |2 rdacarrier 
490 1 |a Atom ;  |v 156. svazek 
490 1 |a Kmen 
500 |a 5000 výtisků 
500 |a Dostupné též v digitální podobě v aplikaci Kramerius 
651 7 |a Blízký východ  |7 ge128412  |2 czenas 
651 7 |a arabské země  |7 ge131485  |2 czenas 
655 7 |a cestopisy  |7 fd131956  |2 czenas 
700 1 |a Zinková, Zora  |7 jk01152693  |4 trl 
830 0 |a Atom (Václav Petr)  |0 s 
830 0 |a Kmen (Václav Petr)  |0 s 
856 4 1 |u http://www.digitalniknihovna.cz/mzk/uuid/uuid:b4d75f30-b17b-11ec-b29b-005056827e52  |y Digitalizovaný dokument  |x NDK 
910 |a BOA001  |b 2-0061.881,156 
990 |a BK 
991 |b 202106 
996 6 |b 2618700835  |c 2-0061.881,156  |l MZK  |r Sklad / do 24 hodin  |n 0  |w 001857541  |u 000010  |a 1  |e BOA001  |j MZK50  |s P